000
00293nam a2200109Ia 4500
005
20251222114410.0
008
251222s1900||||xx |||||||||||||| ||spa||
082
_a
DVD0092/H39J
245
0
_a
Religiones del Mundo: Hinduismo, Budista, Judía e Islámica.
264
_b
Oliver, Henry.
942
_c
DVD
999
_c
1979
_d
1979